000
00225nam a2200085Ia 4500
245
0
_a
No babysitters allowed
100
_a
STEWART, Amber London, 2009
_9
63182
942
_c
BK
008
210818s9999 xx 000 0 und d
999
_c
452822
_d
452821